Statistics for Kung Fu Panda Franchise

Click here to take the quiz!

General Stats

  • This quiz has been taken 31 times
  • The average score is 6 of 17

Answer Stats

TypeYearNameInfo% Correct
Film2008Kung Fu PandaDreamWorks
100%
Video Game2008Kung Fu PandaActivision
100%
Film2011Kung Fu Panda 2DreamWorks
86%
Video Game2011Kung Fu Panda 2THQ
86%
Film2016Kung Fu Panda 3DreamWorks
86%
TV Show2011-2016Kung Fu Panda: Legends of AwesomenessNickelodeon / Nicktoons
33%
Web Series2018-PresentKung Fu Panda: The Paws of DestinyAmazon Video
19%
Short Film2008Secrets of the Furious FiveDreamWorks
19%
Short Film2015Kung Fu Panda: Secrets of the ScrollDreamWorks
14%
Short Film2011Kung Fu Panda: Secrets of the MastersDreamWorks
10%
TV Short2010Kung Fu Panda HolidayNBC
5%
Short Film2016Panda PawsDreamWorks
5%
PlayN/AKung Fu Panda: Arena SpectacularFranco Dragone
0%
Video Game2008Kung Fu Panda: Legendary WarriorsActivision
0%
Video Game2015Kung Fu Panda: Showdown of Legendary LegendsLittle Orbit
0%
Video Game2010Kung Fu Panda WorldDreamWorks
0%
Theme Park Attraction2012-PresentPo's Kung Fu GardenDreamworld
0%

Score Distribution

Percentile by Number Answered

Percent of People with Each Score

Your Score History

You have not taken this quiz